000 00361nam a22001577a 4500
003 MPLRDC
005 20220104124315.0
008 210129b ||||| |||| 00| 0 eng d
082 _a427.1 QYZ
100 _a秦一洲编
245 _a防癌汤水
_c
260 _a
_b宝威图书公司
_c
300 _b
650 _a食谱--汤
942 _cBK
_o427.1 QYZ
999 _c18291
_d18281